000 nam a22 7a 4500
999 _c23154
_d23154
008 170125b xxu||||| |||| 00| 0 eng d
020 _a1566080401
050 _aPN 3175 .E55 1998
100 _aEngelsman,Alan
_d1998
245 _aTheatre Arts 2 /
_bOn-Stage and Off-Stage Roles: Fitting the Pieces Together.
260 _aColorado:
_bMeriwether,
_c1998.
300 _a228 p.:
_bill.;
_c28cm.
650 _2College and school Drama
700 _aPenny Engelsman
942 _2lcc
_cBOOKS
_hPN 3175 .E55 1998
_k31892